00534 2200205 4500001002100000005001500021035002000036007000300056008004100059020001800100082000800118084001500126100002100141245005100162250001000213260003400223300003900257990001600296990001600312INLIS00000000000101920171117095322 a0010-1117000101ta171117 0  a979-413-980-7 a249 a249 MAR k0 aMariyanto,Ernest1 aKumpulan Ibadat Lingkungan /cErnest Mariyanto aCet.6 aYogyakarta :bKANISIUS,c2016 a257 hlm :b.ilus ;c10,5 x 14,5 cm a10190 15819 a10190 15819